| Tag |
First Indicator |
Second Indicator |
Subfields |
| LEADER |
00000cam a2200000 4500 |
| 001 |
in00000683913 |
| 005 |
20151015161128.0 |
| 008 |
770422s1918 nyu 00010 spa |
| 010 |
|
|
|a 18019903
|
| 035 |
|
|
|a (OCoLC)02909839
|
| 035 |
|
|
|9 ACZ3515AM
|
| 040 |
|
|
|a DLC
|c TXU
|d SER
|d TXA
|d UtOrBLW
|
| 049 |
|
|
|a TXAM
|c [41729]
|
| 050 |
0 |
0 |
|a PQ6516
|b .G8 1918
|
| 092 |
|
|
|a 862
|b E18g
|
| 100 |
1 |
|
|a Echegaray, José,
|d 1832-1916.
|
| 245 |
1 |
3 |
|a El gran Galeoto ;
|b drama tres actos y en verso precedido de un dialogo en prosa /
|c por Jose Echegaray, ed. with introduction, notes and vocabulary, by Aurelio M. Espinosa ...
|
| 250 |
|
|
|a New and rev. ed.
|
| 264 |
|
1 |
|a New York :
|b A. A. Knopf,
|c 1918.
|
| 300 |
|
|
|a 243 pages
|
| 336 |
|
|
|a text
|b txt
|2 rdacontent
|
| 337 |
|
|
|a unmediated
|b n
|2 rdamedia
|
| 338 |
|
|
|a volume
|b nc
|2 rdacarrier
|
| 999 |
|
|
|a MARS
|
| 999 |
f |
f |
|s 2018fbe5-f6fb-3550-808b-47518955fcf3
|i 0230e02c-aed7-3478-811e-472bf16edc6b
|t 0
|
| 952 |
f |
f |
|p ric
|a Texas A&M University
|b Rellis Campus
|c Joint Library Facility
|d Remote Storage
|t 0
|e PQ6516 .G8 1918
|h Library of Congress classification
|i unmediated -- volume
|m A14801380921
|
| 998 |
f |
f |
|a PQ6516 .G8 1918
|t 0
|l Remote Storage
|